| 000 | 00459nam a2200181 4500 | ||
|---|---|---|---|
| 999 |
_c12799 _d12799 |
||
| 008 | 210607b ||||| |||| 00| 1 hin d | ||
| 020 |
_a81-85469-30-X _cRs.60.00 |
||
| 041 | 0 | _ahin | |
| 082 | 0 | 0 |
_a891.43 _bN1473 |
| 100 |
_95016 _aNagar, Vishnu |
||
| 245 | 1 | 0 |
_aKuchh door / _cby Vishnu Nagar |
| 250 | _a1st ed. | ||
| 260 |
_aHaryana : _bAdhaar prakashan, _c1994. |
||
| 300 | _a139 p. | ||
| 365 | _bINR 60.00 | ||
| 650 | 0 | _aHindi fiction | |
| 942 |
_2ddc _cBK |
||